Catalog

Record Details

Catalog Search



A war of gifts : an Ender story  Cover Image Book Book

A war of gifts : an Ender story / Orson Scott Card.

Card, Orson Scott. (Author).

Summary:

Set during Enders first years at Battle School, where it is forbidden to celebrate religious holidays. However, after a small act of rebellion sets off a battle royal between the students and staff, some surprising alliances form when Ender comes up against a new student.

Record details

  • ISBN: 9780765312822
  • ISBN: 0765312824
  • Physical Description: 126 pages ; 19 cm.
  • Edition: 1st edition.
  • Publisher: New York : Tor, 2007.

Content descriptions

General Note:
"A Tom Doherty Associates Book."
Subject: Wiggin, Ender (Fictitious character) > Fiction.
Genre: Christmas stories.
Science fiction.

LDR 01496cam a2200325 a 4500
001129823
003SBPL
00520211020142452.0
008070524s2007 nyu 000 1 eng
010 . ‡a 2007022041
020 . ‡a9780765312822
020 . ‡a0765312824
035 . ‡a(CONS)129823
035 . ‡a(CPomAG)LMN499655
05000. ‡aPS3553.A655 ‡bW37 2007
08200. ‡a813/.54 ‡222
1001 . ‡aCard, Orson Scott.
24512. ‡aA war of gifts : ‡ban Ender story / ‡cOrson Scott Card.
250 . ‡a1st edition.
260 . ‡aNew York : ‡bTor, ‡c2007.
300 . ‡a126 pages ; ‡c19 cm.
500 . ‡a"A Tom Doherty Associates Book."
520 . ‡aSet during Enders first years at Battle School, where it is forbidden to celebrate religious holidays. However, after a small act of rebellion sets off a battle royal between the students and staff, some surprising alliances form when Ender comes up against a new student.
60010. ‡aWiggin, Ender ‡c(Fictitious character) ‡vFiction.
655 0. ‡aChristmas stories.
655 7. ‡aScience fiction. ‡2gsafd
901 . ‡a129823 ‡bUnknown ‡c129823 ‡tbiblio

Additional Resources